| 000 | 00432 a2200169 4500 | ||
|---|---|---|---|
| 003 | OSt | ||
| 005 | 20180116182627.0 | ||
| 008 | 160628b xxu||||| |||| 00| 0 eng d | ||
| 040 |
_a2006 _cnust |
||
| 082 | _a519.5 BEG | ||
| 100 | _aDR. M. AFZAL BEG | ||
| 110 | _aMIRAJ DIN MIRZA | ||
| 245 |
_aSTATISTICS _bTHEORY AND METHODS |
||
| 250 | _aVOL 2 | ||
| 260 |
_acaravan books hoouse Lahore _c2006 |
||
| 942 |
_aNBS _cBK _k519.5 BEG _2ddc |
||
| 999 |
_c342968 _d342968 |
||